Oscar Isaac Filmography - Statistics

General Stats
  • This quiz has been taken 96 times
    32 since last reset
  • The average score is 23 of 85
Answer Stats
Type Year Name % Correct
Film 2017 Star Wars: Episode VIII - The Last Jedi
81%
Video Game 2016 LEGO Star Wars: The Force Awakens
75%
Film 2019 Star Wars: Episode IX - The Rise of Skywalker
75%
Film 2015 Star Wars: Episode VII - The Force Awakens
75%
Film 2025 Frankenstein
69%
Web Mini-Series 2022 Moon Knight
69%
Film 2014 Ex Machina
63%
Film 2013 Inside Llewyn Davis
63%
Film 2016 X-Men: Apocalypse
63%
Film 2021 Dune
56%
TV Show 2021, 2022 Saturday Night Live
56%
Film 2014 A Most Violent Year
50%
Film 2018 Annihilation
50%
Film 2018 Spider-Man: Into the Spider-Verse
44%
Film 2011 Drive
38%
Film 2010 Robin Hood
38%
Film 2023 Spider-Man: Across the Spider-Verse
38%
Film 2017 Suburbicon
38%
Film 2011 Sucker Punch
38%
Film 2025 The King of Kings
38%
Film 2005 The Nativity Story
38%
Web Series 2024 What If...?
38%
Film 2018 At Eternity's Gate
31%
Theater 2017 Hamlet
31%
Film 2018 Life Itself
31%
Film 2015 Mojave
31%
Film 2018 Operation Finale
31%
TV Mini-Series 2021 Scenes from a Marriage
31%
TV Show 2018-2019 Star Wars: Resistance
31%
Film 2019 The Addams Family
31%
Film 2021 The Addams Family 2
31%
Film 2021 The Card Counter
31%
Film 2016 The Promise
31%
Film 2014 The Two Faces of January
31%
Film 2019 Triple Frontier
31%
Film 2011 W.E.
31%
Film 2008 Body of Lies
25%
Film 2008 Che: Part One
25%
Film 2013 In Secret
25%
Theater 2007 Romeo and Juliet
25%
Film 2012 The Bourne Legacy
25%
Film 2012 Won't Back Down
25%
Film 2011 10 Years
19%
Theater 2011 A Doll's House
19%
Film 2009 Agora
19%
Film 2002 All About the Benjamins
19%
Film 2009 Balibo
19%
Theater 2005-2006 Beauty of the Father
19%
Film 2022 Big Gold Brick
19%
Podcast 2022-2023 Case 63
19%
Video Game 2015 Disney Infinity 3.0
19%
Film 2012 For Greater Glory: The True Story of Cristiada
19%
Theater 2008 Grace
19%
Podcast 2016 Homecoming
19%
Film 1996 Illtown
19%
TV Show 2006 Law & Order: Criminal Intent
19%
Film 2005 Lenny the Wonder Dog
19%
Short Film 2016 Lightningface
19%
Film 2006 Pu-239
19%
Film 2012 Revenge for Jolly!
19%
TV Mini-Series 2015 Show Me a Hero
19%
Short Film 2019 The Letter Room
19%
Film 2007 The Life Before Her Eyes
19%
Theater 2023 The Sign in Sidney Brustein's Window
19%
Theater 2011 We Live Here
19%
Web Series TBA Bananas
13%
Web Series 2025 Beef
13%
Film TBA London
13%
Film TBA Metal Gear Solid
13%
Film 2027 Spider-Man: Beyond the Spider-Verse
13%
Web Series TBA Stowaway
13%
Short Film 2014 Ticky Tacky
13%
Theater 2005 Two Gentlemen of Verona
13%
Theater 2004 Arrivals & Departures
0%
Documentary Series 2020 A World of Calm
0%
Film TBA Behemoth!
0%
Film TBA Francis and the Godfather
0%
Music Video 2014 Gravity
0%
Film 2025 Hand of Dante
0%
Short Film 2013 Making a Scene
0%
Commercial 2016 Nike
0%
Documentary Mini-Series 2021 Polestar: Making aNew
0%
Theme Park Attraction 2011 Star Tours: The Adventures Continue
0%
Theme Park Attraction 2019 Star Wars: Rise of the Resistance
0%
Documentary 2015 Time to Choose
0%
No matching quizzes found
Score Distribution
Percent of People with Each Score
Percentile by Number Answered
Your Score History
You have not taken this quiz since the last reset